000 01006nam a2200265Ia 4500
003 OSt
005 20250605093416.0
008 210716s2017 xx 000 0 und d
020 _a9781786465344
040 _cAIMIT LIBRARY
041 _aeng
082 _a005.7402
_bSARD
100 _aSarka, Dejan.
_9212825
245 _aSql server 2016 developers guide:
_bget the most out of the rich development capabilities of sql server 2016 to build efficient database applications for your organization /
_cBy Dejan Sarka, Milos Radivojevic and William Durkin.
250 _a1st ed.
260 _aMumbai :
_bPackt Publishing Ltd ,
_c2017.
300 _aix,596 p.;
_bPB
_c24.5 cm.
650 _aReview of sql server features for developers
_9212826
650 _aJSON support in sql server
_9212827
650 _aStretch database
_9212828
650 _aTransact sql enhancements
_9212829
700 _aRadivojevic, Milos.
_9212830
700 _aDurkin, William.
_9212831
942 _2ddc
_cBK
_k005.7402 SARD
999 _c196258
_d196258